000 00698nam a2200217 i 4500
001 139730
003 ES-MaACL
005 20250928121400.0
007 t|
008 070214s1907 fr r ||||1| fre d
100 1 _aSchnabel, Carl.
_9104539
245 1 0 _aTraité theorique et pratique de metallurgie
_b: cuivre, plomb, argent /
_cC. Schnabel.
250 _adeuxieme edit française revue
_bpar L. Gautier.
260 _aEvreux :
_bCh. Herissey,
_c1907.
300 _a1200 p. ;
_c24 cm.
650 7 _aMetalurgia
_2embne
_9136491
700 1 _aGautier, Léopold-Alexandre,
_d1838-19..
_956052
852 _aES-MaACL
_jD-54
_9144785
_cSVI
942 _2udc
999 _c139730
_d139730